LEADER 05098nam 2200709 450 001 9910820092003321 005 20231110225018.0 010 $a1-118-70114-3 010 $a1-118-70094-5 035 $a(CKB)3710000000134476 035 $a(EBL)1718290 035 $a(OCoLC)881887717 035 $a(SSID)ssj0001263308 035 $a(PQKBManifestationID)12551974 035 $a(PQKBTitleCode)TC0001263308 035 $a(PQKBWorkID)11221444 035 $a(PQKB)11011229 035 $a(MiAaPQ)EBC1718290 035 $a(DLC) 2014018861 035 $a(Au-PeEL)EBL1718290 035 $a(CaPaEBR)ebr10887346 035 $a(CaONFJC)MIL622055 035 $a(MiAaPQ)EBC7103962 035 $a(Au-PeEL)EBL7103962 035 $a(JP-MeL)3000110417 035 $a(EXLCZ)993710000000134476 100 $a20140708h20152015 uy 0 101 0 $aeng 135 $aur|n|---||||| 181 $ctxt 182 $cc 183 $acr 200 10$aCalifornia $ea history /$fAndrew Rolle, Arthur C. Verge 205 $aEight edition. 210 1$aChichester, England ;$aMalden, Massachusetts ;$aOxford, England :$cWiley Blackwell,$d2015. 210 4$d2015 215 $a1 online resource (456 p.) 225 1 $aNew York Academy of Sciences 300 $aPrevious ed.: 2008 300 $aIncludes indexes 311 $a1-118-70104-6 320 $aIncludes bibliographical references at the end of each chapters and index. 327 $aCalifornia: A History; Copyright; Contents; List of Illustrations ; Preface ; Chapter 1 California's Distinctiveness ; Selected Readings; Chapter 2 The Native Americans ; Selected Readings; Chapter 3 Exploring Baja and Alta California ; Selected Readings; Chapter 4 Colonizers of the Frontier ; Selected Readings; Chapter 5 Missions, Presidios, and Pueblos ; Selected Readings; Chapter 6 California and Its Spanish Governors; Selected Readings; Chapter 7 Exploration and Foreign Interference ; Selected Readings; Chapter 8 Arcadia ; Selected Readings; Chapter 9 Mexican California 327 $aSelected ReadingsChapter 10 Infiltration and Revolt; Selected Readings; Chapter 11 On the Eve of American Rule; Selected Readings; Chapter 12 Trappers, Traders, and Homeseekers ; Selected Readings; Chapter 13 American Conquest; Selected Readings; Chapter 14 Gold ; Selected Readings; Chapter 15 Approaches to Statehood; Selected Readings; Chapter 16 Social Ferment ; Selected Readings; Chapter 17 A New Culture at the Golden Gate ; Selected Readings; Chapter 18 Post-Gold Rush Commerce; Selected Readings; Chapter 19 The Messy Land Problem; Selected Readings 327 $aChapter 20 California and the Union Selected Readings; Chapter 21 Ships and Rails; Selected Readings; Chapter 22 Agricultural and Urban Growth; Selected Readings; Chapter 23 Discrimination and Accommodation ; Selected Readings; Chapter 24 Crushing or Saving the Indians? ; Selected Readings; Chapter 25 Labor, the Farmers, and the New Constitution ; Selected Readings; Chapter 26 California Culture, 1870-1918 ; Selected Readings; Chapter 27 Progressive Politics ; Selected Readings; Chapter 28 Material Urban Growth ; Selected Readings; Chapter 29 Water, Conservation, and Agriculture 327 $aSelected ReadingsChapter 30 Labor in an Industrial Age ; Selected Readings; Chapter 31 The Depression Years ; Selected Readings; Chapter 32 Twentieth-Century Culture ; Selected Readings; Chapter 33 Sports and Leisure; Selected Readings; Chapter 34 Wartime Setbacks and Gains ; Selected Readings; Chapter 35 World War II and Its Aftermath ; Selected Readings; Chapter 36 The Beleaguered Sixties; Selected Readings; Chapter 37 Environmental Realities; Selected Readings; Chapter 38 From Reagan Conservatism to "Governor Moonbeam" ; Selected Readings; Chapter 39 A New Ethnicity ; Selected Readings 327 $aChapter 40 From the Great Recession to the Rise of Silicon BeachSelected Readings; Chapter 41 Glowing Past Versus Troubled Future ; Selected Readings; Appendix The Governors of California ; Index of Authors in Selected Readings ; Subject Index 330 $aThe eighth edition of California: A History covers the entire scope of the history of the Golden State, from before first contact with Europeans through the present; an accessible and compelling narrative that comprises the stories of the many diverse peoples who have called, and currently do call, California home. Explores the latest developments relating to California's immigration, energy, environment, and transportation concernsFeatures concise chapters and a narrative approach along with numerous maps, photographs, and new graphic features to facilitate stude 410 0$aNew York Academy of Sciences 607 $aCalifornia$xHistory 676 $a979.4 686 $a253.93$2njb/09 686 $a979.4$2njb/09 700 $aRolle$b Andrew F.$0155564 702 $aVerge$b Arthur C. 801 0$bMiAaPQ 801 1$bMiAaPQ 801 2$bMiAaPQ 906 $aBOOK 912 $a9910820092003321 996 $aCalifornia$9469385 997 $aUNINA LEADER 05453oam 2201141 c 450 001 9910493739903321 005 20260302090207.0 010 $a9783839456217 010 $a3839456215 024 7 $a10.1515/9783839456217 035 $a(CKB)5590000000486998 035 $a(DE-B1597)573092 035 $a(DE-B1597)9783839456217 035 $a(MiAaPQ)EBC6749647 035 $a(Au-PeEL)EBL6749647 035 $a(OCoLC)1262307216 035 $a(transcript Verlag)9783839456217 035 $a(MiAaPQ)EBC6956286 035 $a(Au-PeEL)EBL6956286 035 $a(oapen)https://directory.doabooks.org/handle/20.500.12854/71386 035 $a(MiAaPQ)EBC30591538 035 $a(Au-PeEL)EBL30591538 035 $a(ScCtBLL)19fd43aa-e44b-4d6d-bb88-48e114eb9d3b 035 $a(Perlego)1984292 035 $a(EXLCZ)995590000000486998 100 $a20260302d2021 uy 0 101 0 $ager 135 $aur||||||||||| 181 $ctxt$2rdacontent 182 $cc$2rdamedia 183 $acr$2rdacarrier 200 10$aReligion und Disability$eBehinderung und Befähigung in religiösen Kontexten. Eine religionswissenschaftliche Untersuchung$fRamona Jelinek-Menke 205 $a1st ed. 210 $aBielefeld$ctranscript Verlag$d2021 215 $a1 online resource (356 p.) 225 0 $aReligionswissenschaft 311 08$a9783837656213 311 08$a3837656217 327 $aFrontmatter 1 Inhalt 5 Abbildungsverzeichnis 9 Vorwort und Dank 13 Kapitel 1 - Einleitung: Religion und »Behinderung« 17 Kapitel 2 - Terminologie und Theorie: Konzepte zur Analyse von Wirklichkeits- und Un-/Fa?higkeitskonstruktionen 57 Kapitel 3 - Programmatische Vorbemerkungen: behinderungsbezogene Religionswissenschaft 71 Kapitel 4 - Datenerhebung 83 Kapitel 5 - Datenauswertung 113 Kapitel 6 Dis/abling Religion: Wirkungen und Ebenen 131 Kapitel 7 - Enabling Religion: Befa?higung durch Religion 141 Kapitel 8 - Disabling Religion: Behinderung durch Religion 231 Kapitel 9 - Releasing Religion: religio?se Aufhebung von Behinderung 281 Kapitel 10 - Zusammenfassung: eine Grounded Theory of Dis/abling Religion 315 Literaturverzeichnis 333 330 $aWie beeinflussen Religionen die soziale Stellung von Personen? Ramona Jelinek-Menke führt das Konzept der »Dis/ability« aus den Disability Studies erstmals in die deutschsprachige Religionswissenschaft ein und macht es für Analysen der Interdependenz zwischen Religion und Inklusion nutzbar. Gleichzeitig zeigt sie, wie unter dem Eindruck von Marginalisierung religiöse Vorstellungen, Praktiken und Institutionen gestaltet werden. Damit erschließt sich nicht nur ein neues Forschungsfeld für die Religionswissenschaft, sondern es wird auch die Aufmerksamkeit auf eine sozialwissenschaftlich und gesellschaftlich unterrepräsentierte Gruppe gelenkt. 330 1 $aBesprochen in:Schweizerische Zeitschrift für Heilpädagogik, 27/09 (2021) 330 1 $a»Eine sehr spannende Abhandlung darüber, welche Rolle Religion dabei spielt, Behinderung überhaupt herzustellen (also jemanden als behindert zu kategorisieren, wenn er/sie nicht den gesellschaftlichen Erwartungen entspricht) und inwieweit Religion auch durch Behinderung beeinflusst und gestaltet wird.« 330 1 $a»Dieses Buch bietet ein Modell, mit dem das Verhältnis von Religion und sozialer Stellung ? auch über Behinderung hinaus ? systematisch erfasst werden kann.« 410 0$aReligionswissenschaft 517 2 $aJelinek-Menke, Religion und Disability$eBehinderung und Befähigung in religiösen Kontexten. Eine religionswissenschaftliche Untersuchung 606 $aReligion 606 $aDisability 606 $aGeistige Behinderung 606 $aMental Handicap 606 $aBehinderung 606 $aDisability Studies 606 $aInklusion 606 $aInclusion 606 $aExklusion 606 $aExclusion 606 $aReligiöse Praxis 606 $aReligious Practice 606 $aReligiöse Institution 606 $aReligious Institution 606 $aMedizin 606 $aMedicine 606 $aReligious Studies 606 $aReligionswissenschaft 606 $aReligionswissebschaft 606 $aCultural Studies 606 $aReligionssoziolgie 606 $aKulturwissenschaft 615 4$aReligion 615 4$aDisability 615 4$aGeistige Behinderung 615 4$aMental Handicap 615 4$aBehinderung 615 4$aDisability Studies 615 4$aInklusion 615 4$aInclusion 615 4$aExklusion 615 4$aExclusion 615 4$aReligiöse Praxis 615 4$aReligious Practice 615 4$aReligiöse Institution 615 4$aReligious Institution 615 4$aMedizin 615 4$aMedicine 615 4$aReligious Studies 615 4$aReligionswissenschaft 615 4$aReligionswissebschaft 615 4$aCultural Studies 615 4$aReligionssoziolgie 615 4$aKulturwissenschaft 676 $a200 700 $aJelinek-Menke$b Ramona$p
Ramona Jelinek-Menke, Universität Marburg, Deutschland
$4aut$01887891 712 02$aSwiss National Science Foundation (SNSF)$4fnd$4http://id.loc.gov/vocabulary/relators/fnd 801 0$bDE-B1597 801 1$bDE-B1597 906 $aBOOK 912 $a9910493739903321 996 $aReligion und Disability$94525999 997 $aUNINA